• 首页
  • 本馆介绍
  • 公告通知
  • 最新文献
  • 馆藏检索
  • 电子资源
  • 读者导购
  • 参考咨询
  • 我的图书馆
  • 登录
  • 详细信息显示
  • 放入我的书架
  • 预约/预借图书
  • 作者相关作品
  • 分类相关作品
  • 丛书相关作品
  • 出版社相关作品

书目信息

  • 表格格式
  • 工作单格式
  • 卡片格式
题名:
谈谈素数
    
 
作者: 王元 著
分册:  
出版信息: 上海   上海教育出版社  1978
页数: 73页
开本: 19cm
丛书名:
单 册:
中图分类: O156.2 , O156.1
科图分类:
主题词: 素数 , 代数 , 数论 , 组合数学
电子资源:
ISBN:
000 00644nam0 2200277 45
001 0178005794
005 20040518085151.5
010    @dCNY0.20
091    @a7150.1947
100    @a19950726d1978 em y0chiy0121 ea
101 0  @achi
102    @aCN@b310000
105    @ay z 000yy
106    @ar
200 10 @a谈谈素数@Atan tan su shu@f王元著
210    @a上海@c上海教育出版社@d1978
215    @a73页@d19cm
606    @a素数
606 0  @a代数
606 0  @a数论
606 0  @a组合数学
690    @aO156.2@v3
690    @aO156.1
701  0 @a王元@Awang yuan@4著
801  0 @aCN@bNLC@c20040518
905    @f7@b129426-432@dO156.1@e30
    
    谈谈素数/王元著.-上海:上海教育出版社,1978
    73页;19cm
    
    
    ISBN :CNY0.20
    
●
相关链接 在E读中查询图书 在五车中查询图书 在当当中查询图书 在豆瓣中查询图书


正题名:谈谈素数     索取号:O156.1/30         预约/预借

序号 登录号 条形码 馆藏地/架位号 状态 备注
1 0129426   000415321   密集书库/ [索取号:O156.1/30] 在馆    
2 0129427   000415330   密集书库/ [索取号:O156.1/30] 在馆    
3 0129428   000415367   密集书库/ [索取号:O156.1/30] 在馆    
4 0129429   000415349   密集书库/ [索取号:O156.1/30] 在馆    
5 0129430   000415358   密集书库/ [索取号:O156.1/30] 在馆    
6 0129431   000415312   密集书库/ [索取号:O156.1/30] 在馆    
7 0129432   000415376   第三借阅区/ [索取号:O156.1/30] 在馆    
唐山师范学院图书馆 欢迎您!
大连网信软件有限公司© 版权所有